Widok standardowy
Widok MARC
Pozycja Personal Name
Liczba rekordów, w których użyto hasła: 5
001 - Numer kontrolny
- control field: 39891
003 - Identyfikator numeru kontrolnego
- control field: NUKAT
005 - Data i czas ostatniej modyfikacji
- control field: 20260411204509.0
008 - Dane kontrolne kodowane (40 znaków)
- fixed length control field: 050509n||a|znnaabn |a aaa |c
010 ## - Numer kontrolny Biblioteki Kongresu
- numer kontrolny LC: n 2005095727
024 7# - OTHER STANDARD IDENTIFIER
- Standard number or code: 49317513
- Source of number or code: viaf
024 7# - OTHER STANDARD IDENTIFIER
- Standard number or code: 0000000118863216
- Source of number or code: isni
024 7# - OTHER STANDARD IDENTIFIER
- Standard number or code: Q100288
- Source of number or code: wikidata
040 ## - Instytucja sporządzająca rekord
- inst. przygot. dane do rek. khw: KAT U/ES
- język haseł przedmiotowych/tezaurus: kaba
- inst. wprow. rek. khw: KAT U/ES
- inst. modyf. rek. khw: TOR U/AWZs
046 ## - Special dates
- Birth date: 1839
- Death date: 1920
100 1# - Hasło - nazwa osobowa
- nazwa osobowa w formie ujednoliconej: Willmann, Otto
- daty biograficzne: (1839-1920).
400 1# - Trop zob. - nazwa osobowa
- nazwa osobowa (nazwisko, imiona): Willmann, Gustav Philipp Otto.
670 ## - Źródło informacji
- źródło informacji: Didaktik als Bildungslehre [...] / Otto Willmann. - Wien 1957.
670 ## - Źródło informacji
- źródło informacji: LCA online
670 ## - Źródło informacji
- źródło informacji: de.wikipedia, 29.11.2019
- gdzie znaleziono informację: (Willmann, Otto)
- adres internetowy: https://de.wikipedia.org/wiki/Otto_Willmann
670 ## - Źródło informacji
- źródło informacji: Kp. Die Grundlagen der Formalen Erziehungstheorie : dargelegt mit Hilfe der vergleichenden Struktur-Analyse der Erziehungssysteme von Herbart, Natorp, Willmann-Toischer u. a. / von Gerhard Clostermann. - Münster, 1925.